First and last Premier League goals per season Quiz Stats

 Plays Quiz not verified by Sporcle

Challenge
Share
Tweet
Embed
Score 0/63 Timer 10:00
0 Plays Today
Year Player % Correct
2017/18 - LastGabriel Jesus
100%
2018/19 - FirstPaul Pogba
100%
2011/12 - LastSergio Agüero
79.1%
2014/15 - LastSergio Agüero
78.6%
2017/18 - FirstAlexandre Lacazette
69.2%
2013/14 - FirstDaniel Sturridge
62.8%
2012/13 - FirstMichu
60.5%
1995/96 - FirstAlan Shearer
58.1%
2000/01 - LastAlan Smith
58.1%
2011/12 - FirstLuis Suárez
58.1%
2015/16 - FirstKyle Walker
57.7%
1992/93 - FirstBrian Deane
55.8%
2008/09 - LastKenwyne Jones
55.8%
2004/05 - LastAndrew Cole
53.5%
1998/99 - FirstEmile Heskey
51.2%
2004/05 - LastEmile Heskey
51.2%
1996/97 - LastIan Wright
48.8%
2002/03 - LastMark Viduka
48.8%
2014/15 - FirstKi Sung-Yueng
48.8%
2005/06 - FirstRuud van Nistelrooy
46.5%
1994/95 - FirstKevin Campbell
41.9%
2014/15 - LastLoïc Rémy
39.3%
2015/16 - LastChris Smalling
38.1%
2004/05 - FirstDjibril Cissé
34.9%
2005/06 - LastDuncan Ferguson
34.9%
2006/07 - LastHarry Kewell
34.9%
2016/17 - LastMichy Batshuayi
31.3%
1999/00 - LastTore Andre Flo
30.2%
2007/08 - LastMatthew Taylor
30.2%
2008/09 - FirstSamir Nasri
27.9%
2003/04 - FirstDavid Dunn
25.6%
2001/02 - FirstKevin Nolan
23.3%
Year Player % Correct
1994/95 - LastJamie Redknapp
20.9%
1995/96 - FirstEfan Ekoku
20.9%
2010/11 - LastRoman Pavlyuchenko
20.9%
1992/93 - LastMark Bright
18.6%
2002/03 - FirstMichael Ricketts
18.6%
2003/04 - LastShaun Wright-Phillips
18.6%
1993/94 - LastMark Stein
16.3%
2007/08 - FirstMichael Chopra
16.3%
1997/98 - LastClinton Morrison
14%
1997/98 - LastJody Morris
14%
2006/07 - FirstRob Hulse
11.6%
2009/10 - FirstStephen Hunt
11.6%
2013/14 - LastChris David
11.6%
2016/17 - FirstAdama Diomande
11.1%
1996/97 - FirstStig Inge Bjornebye
9.3%
1997/98 - FirstFaustino Asprilla
9.3%
1999/00 - FirstCarl Cort
9.3%
2010/11 - FirstNikola Kalinić
9.3%
1992/93 - LastJohn Hendry
7%
2000/01 - FirstMark Venus
7%
2001/02 - LastPaul Telfer
7%
2007/08 - LastFabrice Muamba
7%
2009/10 - LastDiniyar Bilyaletdinov
7%
1993/94 - LastChris Fairclough
4.7%
1995/96 - FirstDanny Williamson
4.7%
2010/11 - LastCristian Riveros
4.7%
1993/94 - FirstPeter Beagrie
2.3%
1993/94 - LastKen Monkou
2.3%
1995/96 - LastJon Newsome
2.3%
1998/99 - LastDavid Hopkin
2.3%
2012/13 - LastUrby Emanuelson
2.3%

You're not logged in!

Compare scores with friends on all Sporcle quizzes.
OR
Log In

You Might Also Like...

Show Comments

Extras

Top Quizzes Today


Score Distribution

Your Account Isn't Verified!

In order to create a playlist on Sporcle, you need to verify the email address you used during registration. Go to your Sporcle Settings to finish the process.

Report this User

Report this user for behavior that violates our Community Guidelines.

Details: